LIBRARY & INFORMATION CENTRE, KCAET, TAVANUR

ONLINE PUBLIC ACCESS CATALOGUE (OPAC)

Selection, use and maintenance of pesticide application equipment / (Record no. 10798)

MARC details
000 -LEADER
fixed length control field 00522cam a2200181ua 4500
041 ## - LANGUAGE CODE
Language code of text/sound track or separate title eng
082 ## - DEWEY DECIMAL CLASSIFICATION NUMBER
Classification number 632.9402
Item number SUR/SE
100 ## - MAIN ENTRY--AUTHOR NAME
Personal name Surendra, Singh .
245 ## - TITLE STATEMENT
Title Selection, use and maintenance of pesticide application equipment /
260 ## - PUBLICATION, DISTRIBUTION, ETC. (IMPRINT)
Place of publication New Delhi :
Name of publisher Indian Council for Agricultural Research ,
Year of publication 1999.
300 ## - PHYSICAL DESCRIPTION
Number of Pages 57 ; .
700 1# - ADDED ENTRY--PERSONAL NAME
Personal name Kanderia, Jiwanlal .
942 ## - ADDED ENTRY ELEMENTS (KOHA)
Koha item type Books
Holdings
Withdrawn status Lost status Damaged status Home library Current library Date acquired Full call number Accession Number Koha item type
      KAUAET KAUAET 07/04/2012 632.9402 20505 Books
free website counter